00362nam a2200145Ia 4500003000400000005001700004008004100021040000900062082002200071100001600093245003600109260004400145300000900189650001800198OSt20201030101900.0190216s9999||||xx |||||||||||||| ||und|| coclc a954.040924bCHA/R aChagla, M C 0aRoses In December /cM C Chagla bBharatiya Vidya Bhavan,c1994.aBombay: a578p aAutobiography